Central Library OPAC University of Rajshahi

A Study of the effect of Alpha-Nucleus potential on Alpha-Induced transfer reactions in the sd-Shell / (Record no. 80332)

MARC details
000 -LEADER
fixed length control field 00901nam a22002417a 4500
001 - CONTROL NUMBER
RUCL Control Number 80332
003 - CONTROL NUMBER IDENTIFIER
rucl marc code BD-RjUL
005 - DATE AND TIME OF LATEST TRANSACTION
control field 20230531120807.0
008 - FIXED-LENGTH DATA ELEMENTS--GENERAL INFORMATION
fixed length control field 220912s2000 bg a|||| m||| 00| 0 eng d
035 ## - SYSTEM CONTROL NUMBER
system control number (BD-RjUL)80332
040 ## - CATALOGING SOURCE
Original cataloging agency BD-RjUL
Language of cataloging eng
Transcribing agency BD-RjUL
Modifying agency BD-RjUL
041 ## - LANGUAGE CODE
Language code of Book eng
082 ## - DEWEY DECIMAL CLASSIFICATION NUMBER
DDC Edition number 23
Classification number 571.66
Author mark and Year DAS 2000
100 ## - MAIN ENTRY--PERSONAL NAME
Personal name Das, Susanta Kumar
9 (RLIN) 4724
245 10 - TITLE STATEMENT
Title A Study of the effect of Alpha-Nucleus potential on Alpha-Induced transfer reactions in the sd-Shell /
Statement of responsibility, etc By Susanta Kumar Das ;
Name of Supervisor/Co-Supervisor Supervisor : Arun Kumar Basak
260 ## - PUBLICATION, DISTRIBUTION, ETC. (IMPRINT)
Place of publication, distribution, etc Rajshahi :
Name of publisher, distributor, etc Department of Physics, University of Rajshahi,
Date of publication, distribution, etc 2000
300 ## - PHYSICAL DESCRIPTION
Pagination xvii, 249 leaves :
Other physical details ill, ;
Dimensions 29.cm.
502 ## - DISSERTATION NOTE
Dissertation note Thesis (Ph. D.) -- Department of Physics, University of Rajshahi, 2000.
504 ## - BIBLIOGRAPHY, ETC. NOTE
Bibliography, etc References : Leaves 242 - 249
650 ## - SUBJECT ADDED ENTRY--TOPICAL TERM
Topical term or geographic name as entry element Nucleus
9 (RLIN) 4725
700 ## - ADDED ENTRY--SUPERVISOR/CO-SUPERVISOR NAME
Personal name Basak, Arun, Kumar, Supervisor
9 (RLIN) 4726
942 ## - ADDED ENTRY ELEMENTS (KOHA)
Source of classification or shelving scheme Dewey Decimal Classification
Koha item type Theses
Holdings
Source of classification or shelving scheme Damaged status Not for loan Collection code Permanent Location Current Location Shelving location Date of accession Source of acquisition Total Checkouts Full call number Barcode Date last seen Copy number Thesis
Dewey Decimal Classification   Not For Loan Theses Central Library, University of Rajshahi Central Library, University of Rajshahi Documentation Section 28/03/2002 Controller of Exam. R.U.   THE 571.66 DAS 2000 D2032 12/09/2022 C-1 Theses